| 000 | 00796nam a22002777a 4500 | ||
|---|---|---|---|
| 001 | 9470 | ||
| 003 | FISKH | ||
| 005 | 20260113164305.0 | ||
| 008 | 260113b cb ||||| |||| 00| 0 eng d | ||
| 020 | _a9781618105868 | ||
| 040 |
_aFISKH _beng _cFISKH _dFISKH |
||
| 050 | _aPZ8.R243 J | ||
| 082 | _a398.8 | ||
| 100 |
_aReasoner, Charles _eAuthor |
||
| 245 |
_aJack and Jill / _cby Charles Reasoner |
||
| 260 |
_aDong Guan : _bRourke Educational Media , _c2012 |
||
| 300 |
_a8 unnumbered pages : _bcolor illustrations ; _c17 cm |
||
| 490 | _aNursery rhymes | ||
| 505 | _aG | ||
| 520 | _aAn illustrated, humorous version of the traditional nursery rhyme. | ||
| 521 | 8 |
_a380
_bLexile |
|
| 521 | 8 |
_aG
_bRaz-Plus |
|
| 650 |
_aNursery _vChildren |
||
| 942 |
_2ddc _cBK _n0 |
||
| 999 |
_c9470 _d9470 |
||